Statistics for European Geography By Letter L - Picture Quiz

Click here to take the quiz!

General Stats

  • This quiz has been taken 392 times
  • The average score is 11 of 18

Answer Stats

Answer% Correct
Louvre
96%
Luxembourg
96%
Leaning tower of Pisa
92%
Liechtenstein
90%
Little Mermaid
84%
Lynx
82%
Latvian
79%
Loire
77%
London Eye
77%
Lapland
66%
Latin
60%
Leipzig
42%
Leningrad
40%
Ladoga
37%
Leu
33%
Łódź
29%
Linden
6%
Lusatia
6%

Score Distribution

Percentile by Number Answered

Percent of People with Each Score

Your Score History

You have not taken this quiz